| 000 | 01000nam1a22002411i 4500 | ||
|---|---|---|---|
| 001 | rc\2996771 | ||
| 005 | 20260407092536.0 | ||
| 035 | _a(NLR Aleph) 007140442 | ||
| 090 |
_a7050036 _c7050036 |
||
| 100 | _a20110917d1940 |||y0rusy50 ca | ||
| 101 | 0 | _arus | |
| 102 | _aRU | ||
| 105 | _ay z ||||| | ||
| 200 | 1 |
_aВсесоюзная Коммунистическая Партия (большевиков) в резолюциях и решениях съездов, конференций и пленумов ЦК _e(1898-1939). Ч. 1- _fИн-т Маркса-Энгельса-Ленина при ЦК ВКП(б) |
|
| 205 | _a6-е изд. доп. | ||
| 210 |
_a[Москва] _cПолитиздат _d1940 _eЛенинград |
||
| 215 | _d26 см | ||
| 710 | 0 | 2 |
_aВКП(б) _3RU\NLR\AUTH\8820620 _9314867 |
| 712 | 0 | 2 |
_aИнститут Маркса-Энгельса-Ленина _cМосква _4570 |
| 801 | 0 |
_aRU _bNLR _gpsbo |
|
| 801 | 1 |
_aRU _bELAR _2rusmarc |
|
| 852 |
_aNLR _jИп30 В-7/2(1) |
||
| 942 | _cBOOK | ||